|
|
|
แสดงรายละเอียดบรรณานุกรม |
|
|
Brief Record
: Get Marc (ISO 2709)
: E-mail record
: |
|
|
| LEADER 00000nam 2200000uu 4500 | |||
| 001 50436 | |||
| 003 ULIBM | |||
| 008 171102s||||||||th 000 0 tha d | |||
| 020 ^a 978 974 9958 797 | |||
| 082 0 ^a อ 924.4 ^b พ - ช ล.1 | |||
| 110 0 ^a สำนักพระราชวัง | |||
| 245 00 ^a ชื่อและสกุลที่พระบาทสมเด็จพระปรมินทรมหาภูมิพลอดุลยเดชบรมนาตบพิตร พระราชทาน | |||
| 250 ^a พิมพ์ครั้งที่ 2 พุทธศักราช 2489 - 2559 | |||
| 260 ^a กรุงเทพฯ : ^b สำนักพระราชวัง, ^c 2560 | |||
| 300 ^a 449 หน้า | |||
| 650 0 ^a นาม | |||
| 650 0 ู^a นามสกุล | |||
| 999 ^aลภัสรดา แสงบุญเรือง | |||
| คุณยังไม่ได้ล็อกอิน คุณสามารถมีกิจกรรมร่วมกับเว็บไซต์ได้ แต่ต้องล็อกอินก่อน :: |
|
| สถานะ | |||||||||
| 1. | หนังสือ | อ 924.4 พ - ช ล.1 ล.1 Barcode: 082826 | ►หนังสืออ้างอิง | On Shelf | |||||
| [แสดง 1/1 รายการ] | |||||||||

BibComment |
| คอมเมนท์ทรัพยากรรายการนี้ |
|
|
ห้องสมุดโรงเรียนสามัคคีวิทยาคม
159 ถ.บรรพปราการ ต.เวียง อ.เมือง จ.เชียงราย 57000
โทร. 053-711018 โทรสาร 053-713003